| 000 | 01578cam a2200397 4500 | ||
|---|---|---|---|
| 001 | ABS65714 | ||
| 008 | 020806n2002 000 0 eng u | ||
| 035 | _a(Sirsi) u119231 | ||
| 100 | _aMonkhouse, C | ||
| 245 | _aEU environmental law and policy update: part 2 | ||
| 260 | _c2002 | ||
| 490 |
_aEnvironment Information Bulletin _v 122 August September 2002, 10-20 (11) |
||
| 520 | _aPart 2 of a two part feature provides a detailed listing of all proposed and adopted EU environmental measures for the last 12 months including those relating to international agreements: water; waste; air; harmful substances; genetically modified organisms; major accident hazards; transport of goods; maritime tranport; noise; impact assessment; financial and economic instruments; climate change; liability; enforcement. Glossary of abbreviations/acronyms and a list of relevant websites. See ABS XXXX for Part 1 | ||
| 590 | _aABS | ||
| 650 | _aEUROPEAN COMMISSION | ||
| 650 | _aEUROPEAN UNION | ||
| 650 | _aEUROPEAN PARLIAMENT | ||
| 650 |
_aEnvironment _96238 |
||
| 650 | _aWATER | ||
| 650 | _aWASTE | ||
| 650 | _aAIR | ||
| 650 | _aHARMFUL SUBSTANCES | ||
| 650 | _aGENETICALLY MODIFIED ORGANISMS | ||
| 650 | _aMAJOR ACCIDENT HAZARDS | ||
| 650 | _aTRANSPORT OF GOODS | ||
| 650 | _aMARITIME TRANSPORT | ||
| 650 | _aNOISE | ||
| 650 | _aIMPACT ASSESSMENT | ||
| 650 | _aCLIMATE CHANGE | ||
| 650 | _aENFORCEMENT | ||
| 650 | _aENVIRONMENTAL LIABILITY | ||
| 690 | _aENVIRONMENT-ENVIRONMENTAL LAW | ||
| 700 | _aEaton, R | ||
| 700 | _aSkinner, I | ||
| 942 | _n0 | ||
| 999 |
_c70912 _d70912 |
||